000
00295nam a22001337a 4500
003
SGT
020
_a
9788180548147
082
_a
658.40
_b
PRA
100
_a
PRASAD, L.M
245
_a
MANAGEMENT INFORMATION SYSTEM
260
_b
SULTAN CHAND AND SONS
_c
2015
300
_a
617
942
_2
ddc
_c
BK
_0
10
999
_c
16258
_d
16258